000
00224nam a22001097a 4500
041
_a
eng
080
_a
80
100
_a
David, Michel
245
_a
Precis Pratique de Grammaire Francaise.
650
_a
French
999
_c
281174
_d
281174
942
_c
BK